| 000 | 00470nam a2200205Ia 4500 | ||
|---|---|---|---|
| 008 | 210210b xxu||||| |||| 00| 0 eng d | ||
| 041 | _aeng | ||
| 082 | _a230/139 | ||
| 100 | _aSHEEHAN (M) | ||
| 245 | _aApologetics and catholic doctrine part.1 | ||
| 260 |
_aDublin _bM H Gill And Son _c |
||
| 300 | _a238 | ||
| 650 | _apart.1 | ||
| 650 | _adoctrine | ||
| 650 | _acatholic | ||
| 650 | _aApologetics | ||
| 650 | _aand | ||
| 690 | _aChristianity | ||
| 906 | _a001375 | ||
| 999 |
_c116513 _d116513 |
||